American industry: structure, conduct, performance.

Bibliographic Details
Main Author: Caves, Richard E.
Format: Book
Language:English
Published: Englewood Cliffs, N.J. : Prentice-Hall, [1964]
Series:Foundations of modern economics series.
Subjects:

MARC

Tag First Indicator Second Indicator Subfields
LEADER 00000cam a2200000 4500
001 in00000068337
005 20151008051954.0
008 711119s1964 nju b 00000 eng u
010 |a  64014390  
035 |a (OCoLC)00173354 
035 |9 AAH1011AM 
040 |c WSU  |d TXA  |d UtOrBLW 
049 |a TXAM  |c [411732] 
050 0 |a HC106.5  |b .C34 
092 |a 338.973  |b C381a 
100 1 |a Caves, Richard E. 
245 1 0 |a American industry: structure, conduct, performance. 
264 1 |a Englewood Cliffs, N.J. :  |b Prentice-Hall,  |c [1964] 
300 |a viii, 120 pages :  |b diagrams, tables. ;  |c 24 cm. 
336 |a text  |b txt  |2 rdacontent 
337 |a unmediated  |b n  |2 rdamedia 
338 |a volume  |b nc  |2 rdacarrier 
490 1 |a Foundations of modern economics series 
504 |a Bibliography: pages 113-114. 
650 0 |a Restraint of trade  |z United States. 
650 0 |a Industries  |z United States. 
830 0 |a Foundations of modern economics series. 
999 |a MARS 
999 f f |s d33ebd6d-3eee-3af4-bc39-558f992f4a0f  |i dd29a156-94a3-3f1d-a7f3-97d8562bd7f9  |t 0 
952 f f |p ric  |a Texas A&M University  |b Rellis Campus  |c Joint Library Facility  |d Remote Storage  |t 0  |e HC106.5 .C34  |h Library of Congress classification  |i unmediated -- volume  |m A14800775602 
998 f f |a HC106.5 .C34  |t 0  |l Remote Storage